Hoàng Cầm thơ văn và cuộc đời

Wedi'i Gadw mewn:
Manylion Llyfryddiaeth
Prif Awdur: Hoàng Cầm
Fformat: Llyfr
Iaith:Undetermined
Cyhoeddwyd: Hà Nội VHTT 1997
Pynciau:
Tagiau: Ychwanegu Tag
Dim Tagiau, Byddwch y cyntaf i dagio'r cofnod hwn!
Thư viện lưu trữ: Trung tâm Học liệu Trường Đại học Cần Thơ
LEADER 00504nam a2200169Ia 4500
001 CTU_22417
008 210402s9999 xx 000 0 und d
082 |a 809 
082 |b H407 
100 |a Hoàng Cầm 
245 0 |a Hoàng Cầm thơ văn và cuộc đời 
245 0 |c Hoàng Cầm 
260 |a Hà Nội 
260 |b VHTT 
260 |c 1997 
650 |a vietnamese literature - 20th century - history and criticism 
980 |a Trung tâm Học liệu Trường Đại học Cần Thơ